Prefix Click Quiz: J - Statistics

General Stats
  • This quiz has been taken 133 times
  • The average score is 6 of 8
Answer Stats
Hint Answer % Correct
Young Juven-
92%
Judge Judic-
91%
Join Junct-
86%
Throw Ject-
76%
Law Jur-
73%
Jest Joc-
71%
Near Juxta-
67%
Door Janu-
55%
No matching quizzes found
Score Distribution
Percent of People with Each Score
Percentile by Number Answered
Your Score History
You have not taken this quiz